000 00452nam a2200205Ia 4500
001 14351
003 GE_BSU
008 181216s||||||||xx |||||||||||||| ||und||
040 _cGE_BSU
080 _a572
100 _aSaundlers,E.J.
245 _aHuman biology
260 _aLondon
260 _bUniversity Tutorial Press
260 _c1965
300 _a351p.19cm.
653 _aHuman biology
653 _aბიოლოგია
942 _cBK
999 _c47487
_d47487